[Event "DEN-ch LH 2020"]
[Site "Svendborg"]
[Date "2020.10.13"]
[Round "5.3"]
[White "Rasmussen, Allan Stig"]
[Black "Andersen, Mads"]
[Result "1-0"]
[WhiteElo "2559"]
[BlackElo "2577"]
[Annotator "TA"]
[PlyCount "131"]
[EventDate "2020.10.09"]
[EventType "tourn"]
[EventCountry "DEN"]
[SourceTitle "playchess.com"]
[Source "ChessBase"]
[SourceQuality "1"]

{[%evp 15,131,-2,22,-4,0,0,0,0,-12,-5,0,0,40,0,0,-10,-22,-11,0,0,0,0,0,0,3,-7,0,0,13,11,23,10,9,0,0,0,13,14,27,25,21,0,0,4,2,0,0,0,-8,-14,60,67,74,66,80,27,115,10,120,11,25,24,52,22,97,22,22,22,46,54,62,41,43,22,22,14,26,25,36,35,108,22,22,22,22,22,22,22,97,100,85,70,89,85,175,183,198,179,171,110,86,117,653,587,629,627,29986,29987,29987,29988,29988,29989,29992,29993,29993,29990,29994,29990]} 1. d4 d5 2. c4 c6 3. Nf3 Nf6 4. Nc3 e6 5. e3 Nbd7 6. Bd3 dxc4 7. Bxc4 b5 8. Bd3 Bd6 9. a4 {D47: Semi-Slav: Meran System.} b4 10. Ne4 Nxe4 11. Bxe4 {The position is equal.} Bb7 12. b3 $5 {[%mdl 4] A promising side line.} Nf6 13. Bd3 c5 {[#]} 14. Bb2 $146 ({Predecessor:} 14. Bb5+ Ke7 15. Bb2 Bxf3 16. Qxf3 cxd4 17. Bxd4 e5 18. Bb2 Rc8 19. Bc4 Kf8 20. Rd1 {1-0 (30) Gutkin,B (2320)-Bonner,G (2164) Halkidiki 2016}) 14... O-O 15. dxc5 Bxc5 16. Rc1 Rc8 17. O-O Qd5 18. Bc4 Qxd1 19. Rfxd1 Rfd8 20. Kf1 Rxd1+ 21. Rxd1 Kf8 22. Ne5 Ke7 23. Ke2 Rc7 24. g3 Ne4 25. Nd3 Bd6 26. f3 Ng5 27. Rf1 f6 $1 28. h4 Nf7 29. e4 Nd8 30. e5 fxe5 $1 31. Nxe5 Bd5 32. Rc1 Bxc4+ (32... Nb7 $11) 33. Nxc4 $14 g6 34. f4 Nb7 35. Rd1 ({But not} 35. Nxd6 Rxc1 36. Bxc1 Kxd6 $11) (35. h5 $1 $16) 35... Bc5 (35... Rd7 $11) 36. Kf3 (36. h5 $1 $16) 36... Rc8 (36... Rd7 $11 37. Bf6+ Ke8) 37. Be5 (37. h5 $16) 37... h5 38. Bb2 Bd6 39. Bd4 a6 (39... Bb8 $11 {keeps the balance.}) 40. Rd3 ({Better is} 40. g4 $1 $16) 40... Bb8 $11 41. Be3 {And now Bd2 would win.} Bc7 42. Bd2 a5 43. Be3 Rf8 44. Bd4 Rd8 45. Ke2 Rc8 46. Re3 Ra8 47. Be5 Bd8 (47... Rc8 $14) 48. Rd3 (48. g4 $1 $16) 48... Ra6 49. Kf3 Rc6 50. Bd4 Bc7 51. Rd2 Nd6 (51... Nc5 $11 52. Bxc5+ Rxc5) 52. Ne5 $16 {[%mdl 64] Double Attack} Rc1 53. Nxg6+ Ke8 54. Re2 Nf5 (54... Rb1 $16 {might work better.}) 55. Rxe6+ $18 Kd7 56. Nf8+ Kc8 {[#]} 57. Ke4 (57. Re8+ $1 $18 Kb7 58. Ne6) 57... Nxg3+ $16 58. Kd5 {Re8+ is the strong threat.} Bxf4 $2 {[%mdl 8192] [#] This costs Black the game.} (58... Rd1 $16) 59. Re8+ $1 $18 Kb7 60. Ne6 Rf1 {and the idea ...Nf5 leaves Black hopeful.} 61. Re7+ {White mates.} Ka8 62. Kc6 Bb8 {[#]} 63. Re8 $1 {[%csl Gc6][%cal Re6c7][%mdl 512]} Rf7 {[#]} 64. Be5 $1 {[%mdl 512]} Nf5 65. Rxb8+ Ka7 66. Re8 {Av CentiPawn Loss W=-13/B=-40. Weighted=-17/-35} 1-0

[Event "DEN-ch LH 2020"]
[Site "Svendborg"]
[Date "2020.10.13"]
[Round "5.4"]
[White "Hansen, Sune Berg"]
[Black "Chatalbashev, Boris"]
[Result "0-1"]
[WhiteElo "2557"]
[BlackElo "2522"]
[Annotator "TA"]
[PlyCount "110"]
[EventDate "2020.10.09"]
[EventType "tourn"]
[EventCountry "DEN"]
[SourceTitle "playchess.com"]
[Source "ChessBase"]
[SourceQuality "1"]

{[%evp 10,110,54,34,39,39,21,25,21,-72,0,-45,-11,-21,-19,-16,14,-20,-14,-49,-41,-91,-91,-118,-110,-163,-18,-27,-30,-127,-183,-127,-51,-54,-63,-97,-26,-26,-27,-118,-108,-123,-131,-124,-112,-119,-130,-112,-97,-135,-109,-143,-74,-169,-157,-174,-168,-171,-158,-178,-161,-158,-142,-223,-212,-226,-236,-379,-379,-492,-481,-470,-465,-462,-443,-566,-525,-563,-552,-667,-667,-664,-666,-653,-642,-664,-647,-674,-657,-706,-636,-592,-537,-694,-504,-748,-733,-726,-726,-715,-539,-510,-494]} 1. e4 d6 2. d4 Nf6 3. Nc3 g6 4. Bg5 c6 5. Qd2 Nbd7 6. f4 d5 $1 {[%mdl 4] now scores much better than the old 6...b5. 6...b5 is vanishing. B07: Pirc Defence: Miscellaneous Systems.} 7. e5 Ne4 8. Nxe4 dxe4 {[#] White has an edge.} 9. f5 $146 (9. Ne2 $11) ({Predecessor:} 9. e6 fxe6 10. O-O-O Nf6 11. Ne2 Bg7 12. Ng3 O-O 13. Bc4 b5 14. Bb3 a5 15. a3 {1-0 (69) Perunovic,M (2589)-Harsha,B (2523) Moscow 2019}) 9... gxf5 ({Black should try} 9... f6 $17 10. Bf4 Nb6 11. fxg6 hxg6) 10. O-O-O Nb6 11. c4 Be6 $36 {[%mdl 2048] Black is pushing.} 12. Qc2 Rg8 13. Be3 Bd7 14. Nh3 e6 15. Kb1 Qc7 $1 16. Nf4 c5 17. Nh5 {Black must now prevent Nf6+.} Be7 (17... O-O-O $1 $19 {Strongly threatening ...cxd4.} 18. d5 Qxe5) 18. dxc5 $11 Na4 19. Nf6+ (19. g4 $1 $11) 19... Bxf6 $1 $17 20. exf6 Nxc5 (20... f4 $1 $17 {[%cal Rf4e3]} 21. Bc1 Nxc5) 21. g3 $1 $15 O-O-O 22. Be2 {[#]} Nd3 $1 {[%mdl 512]} 23. Qc3 $11 (23. Bxd3 exd3) 23... e5 24. Rhf1 ({Much weaker is} 24. Bxd3 exd3 25. Rhf1 (25. Rxd3 $2 f4 $19) 25... f4 $1 $17 {[%mdl 512]}) (24. Bxa7 $11 {remains equal.} b6 25. Bxd3 exd3 26. c5 Qxc5 27. Qxc5+ bxc5 28. Rxd3) 24... f4 $17 25. Bxd3 exd3 ({Don't take} 25... fxe3 26. Be2 $15) 26. gxf4 Bg4 $1 {[%cal Rg4d1]} 27. Rde1 Be2 $1 28. Rf2 e4 29. Kc1 h5 30. Kd2 h4 (30... Rd6 $142 31. Qe5 Qc6 32. Qf5+ Kb8) 31. Qe5 (31. b4 $17) 31... h3 $19 32. b4 Qxe5 33. fxe5 {and if e6 works, White does fine.} Kd7 $1 34. Rc1 a6 35. c5 Rde8 36. Rc4 (36. a4 $17) 36... Rxe5 37. Rd4+ {[#]} Kc8 $1 38. Kc3 (38. Bf4 {might work better.} Re6 39. Be3) 38... Rg2 39. Rf4 Rxh2 {Hoping for ...Bf3.Black is clearly winning.} 40. Rfxe4 Rxe4 41. Rxe4 {[%mdl 4096] Endgame [#] KRB-KRB} Bh5 $1 {And now ...Rc2+ would win.} 42. Re8+ Kd7 43. Re7+ Kc6 {Threatens to win with ...Rc2+.} 44. Kxd3 Rxa2 45. Bf4 h2 46. Rc7+ Kd5 47. Bxh2 Rxh2 48. Rxb7 {KRB-KR} Rh3+ 49. Kd2 Kc4 50. c6 Rd3+ 51. Ke1 Rd6 52. Rb6 {intending c7!} Bg4 53. Rxa6 Kxb4 54. Ra7 Be6 55. c7 Rc6 {Av CentiPawn Loss W=-36/B=-23. Weighted=-39/-27} 0-1

[Event "DEN-ch LH 2020"]
[Site "Svendborg"]
[Date "2020.10.13"]
[Round "5.5"]
[White "Fries-Nielsen, Jens Ove"]
[Black "Bjerre, Jonas Buhl"]
[Result "0-1"]
[WhiteElo "2380"]
[BlackElo "2559"]
[Annotator "TA"]
[PlyCount "56"]
[EventDate "2020.10.09"]
[EventType "tourn"]
[EventCountry "DEN"]
[SourceTitle "playchess.com"]
[Source "ChessBase"]
[SourceQuality "1"]

{[%evp 9,56,-51,-49,-91,-100,-87,-86,-92,-91,-112,-100,-108,-95,-156,-167,-154,-160,-233,-220,-230,-235,-226,-222,-271,-264,-266,-260,-266,-258,-307,-307,-302,-310,-306,-302,-283,-288,-331,-325,-352,-342,-334,-325,-316,-254,-351,-321,-396,-396]} 1. d4 Nf6 2. Nc3 d5 3. e3 c5 4. Nge2 Nc6 {[#]} 5. Nf4 $146 ({Predecessor:} 5. g3 Bf5 6. a3 e6 7. Bg2 Be7 8. O-O O-O 9. Na2 c4 10. Bd2 b5 11. Nac1 {0-1 (31) Neres da Silva,E (1632)-Cunha,L (2172) Brasilia 2012}) 5... e6 6. g4 {D00: 1 d4 d5: Unusual lines.} cxd4 7. exd4 Bb4 8. Bg2 {Black is better.} Ne4 9. Qd3 Qa5 {[%cal Re4c3]} 10. Nfe2 b6 11. O-O (11. Bxe4 $142 Ba6 12. Qe3 dxe4 13. Qxe4) 11... Ba6 $17 12. Qe3 Bxc3 13. bxc3 (13. Nxc3 $17 Nxc3 14. bxc3) 13... Bxe2 $1 $19 14. Qxe2 Qxc3 ({Don't play} 14... Nxc3 15. Qd3) 15. Be3 Nxd4 16. Qd3 Qxd3 ({Not} 16... Nxc2 17. Bxe4 Qxd3 18. Bxd3 $15) 17. cxd3 {[#]} Nc3 $1 ({Weaker is} 17... Ne2+ 18. Kh1 $17) 18. Kh1 Nc2 19. Rac1 Nxe3 20. fxe3 Nxa2 21. Rc7 O-O 22. e4 Nb4 23. d4 dxe4 24. Bxe4 Rad8 25. Rxa7 Rxd4 26. Bf3 Nd5 27. Rb7 Rf4 28. Kg1 Ne3 {[%mdl 64] Double Attack. Black took control after the opening. Av CentiPawn Loss W=-22/B=-6. Weighted=-25/-6} 0-1

[Event "DEN-ch LH 2020"]
[Site "Svendborg"]
[Date "2020.10.14"]
[Round "6.1"]
[White "Andersen, Mads"]
[Black "Brondt, Nicolai Kvist"]
[Result "1-0"]
[WhiteElo "2577"]
[BlackElo "2226"]
[Annotator "TA"]
[PlyCount "83"]
[EventDate "2020.10.09"]
[EventType "tourn"]
[EventCountry "DEN"]
[SourceTitle "playchess.com"]
[Source "ChessBase"]
[SourceQuality "1"]

{[%evp 15,82,21,35,34,27,15,22,8,35,41,31,49,43,8,8,10,19,10,16,20,85,73,117,102,136,134,200,163,151,145,234,211,218,197,191,143,199,169,313,290,250,254,339,339,769,755,720,695,1145,1164,29984,2883,29987,29988,29994,29995,29995,29992,29992,29993,29993,29994,29994,29994,29994,29993,29998,29999,29999]} 1. d4 Nf6 2. c4 c6 3. Nf3 d5 4. e3 Bf5 5. Nc3 e6 6. Nh4 Be4 7. f3 Bg6 8. Qb3 Qc7 9. Bd2 {D12: Slav Defence: 3 Nf3 Nf6 4 e3 Bf5.} Be7 10. Nxg6 hxg6 11. O-O-O {The position is equal.} a6 12. c5 Nbd7 13. Na4 Rb8 14. Kb1 Rxh2 {[#]} 15. Ba5 $1 {[%mdl 512]} Qg3 (15... Qxa5 16. Rxh2) 16. Be1 $1 {[%cal Re1g3]} Qc7 17. Rg1 Rh8 (17... Ng8 $11) 18. g4 $16 {[%mdl 1024] [#] White has strong compensation.} Rd8 $146 ({Predecessor:} 18... b5 19. cxb6 Nxb6 20. Ba5 Nfd7 21. Bd3 Qh2 22. Nxb6 Nxb6 23. Bxb6 Bd8 24. Qc2 Rxb6 {0-1 (37) Esipenko,A (2672)-Shirov,A (2664) Moscow 2020}) 19. Bg3 Qc8 20. Bd3 g5 (20... Ng8 $16 {was called for.}) 21. Rh1 $36 {[%mdl 2048] Black is under strong pressure.} Rh6 22. Qc2 Bf8 (22... Kf8 $16 23. Rh2 Ng8) 23. Rh2 Qa8 24. Rdh1 Qa7 25. Qc3 Rc8 (25... a5 $16 26. a3 Ra8) 26. Qa5 Ng8 (26... Qa8 {might work better.} 27. a3 Qa7) 27. f4 $18 Be7 28. Rh5 Bd8 29. Qe1 e5 $2 (29... gxf4 30. Bxf4 b5) 30. fxg5 Rxh5 31. Rxh5 e4 32. Rh8 Kf8 33. Qh1 (33. Bd6+ $142 Be7 34. Qg3 f6 35. g6 Qb8 36. Bxb8 exd3 37. Qh4 Ke8 {[#]} 38. Qh7 $1 {[%mdl 576] Double Attack}) 33... Bxg5 34. Qh7 {White mates.} Ndf6 35. Bd6+ Ke8 36. Rxg8+ Nxg8 37. Qxg8+ Kd7 38. Qxf7+ Kd8 39. Qf8+ Kd7 40. Qf5+ Kd8 41. Qxg5+ {[%mdl 64] Double Attack} Kd7 42. Qe7# {Av CentiPawn Loss W=43/B=-103. Weighted=-30/-156} 1-0

[Event "DEN-ch LH 2020"]
[Site "Svendborg"]
[Date "2020.10.14"]
[Round "6.2"]
[White "Chatalbashev, Boris"]
[Black "Bjerre, Jonas Buhl"]
[Result "1/2-1/2"]
[WhiteElo "2522"]
[BlackElo "2559"]
[Annotator "TA"]
[PlyCount "103"]
[EventDate "2020.10.09"]
[EventType "tourn"]
[EventCountry "DEN"]
[SourceTitle "playchess.com"]
[Source "ChessBase"]
[SourceQuality "1"]

{[%evp 24,103,0,-10,21,29,27,26,18,20,26,26,19,23,18,22,39,43,41,41,39,36,39,33,35,36,38,38,35,30,44,33,41,38,38,33,46,3,0,2,2,0,0,0,9,0,89,97,126,119,127,91,90,98,98,98,98,98,98,98,98,97,91,96,88,72,72,72,72,72,178,39,40,40,40,40,39,8,8,8,8,8]} 1. c4 c5 2. Nf3 Nc6 3. Nc3 g6 4. e3 Nf6 5. d4 cxd4 6. exd4 d5 7. cxd5 Nxd5 8. Bc4 Nb6 9. Bb3 Bg7 10. d5 Na5 11. O-O O-O 12. Re1 {12.h3 injects fresh life into this line. Played by Quang Liem Le in May 2020.} Nxb3 13. axb3 Bxc3 {D94: Grünfeld: 4 Nf3 Bg7 5 e3.} 14. bxc3 {Strongly threatening c4.} Qxd5 15. Qxd5 Nxd5 {White has an edge.} 16. c4 Nb4 17. Rxe7 Nc6 18. Rc7 f6 19. Nd2 {[#]} Rf7 $146 ({Predecessor:} 19... Rd8 20. g4 Rd4 21. h3 Ne5 22. f3 Bd7 23. Ne4 Nxf3+ 24. Kf2 Rxe4 25. Rxd7 Ne5 26. Rxb7 {1-0 (48) Portisch,L (2544)-Caoili,A (2242) Marianske Lazne 2010}) 20. Rxf7 Kxf7 21. Ne4 Bf5 22. Nd6+ {[%mdl 64] Double Attack} Kg8 $1 23. Nxb7 Rb8 24. Nc5 Nd4 25. g4 Bxg4 26. Be3 Nc6 $1 27. Kg2 Bf5 28. Ra6 Rb6 29. Ra2 Rb8 30. Kf3 Kf7 31. Ke2 a5 32. Kd2 g5 33. Kc3 h5 34. Rd2 Ke7 (34... Ne5 $11 {remains equal.}) 35. Rd5 $16 Be6 36. Nxe6 Kxe6 {[%mdl 4096] Endgame [#] KRB-KRN} 37. h4 $1 {[%mdl 512]} gxh4 38. Rxh5 Ra8 39. Rxh4 a4 40. b4 a3 {Threatens to win with ...a2.} 41. Rh1 a2 42. Ra1 {And now b5 would win.} Ra3+ 43. Kb2 {[%mdl 64] Double Attack} Rd3 44. b5 Na5 45. Kc2 ({Of course not} 45. Kxa2 Nxc4 46. b6 Kd6 $11) 45... Ra3 {[#]} 46. c5 $1 Ra4 (46... Nc4 $16) 47. b6 (47. Bd2 $18) 47... f5 $1 $14 48. Kb2 f4 49. Bd2 Kd7 $1 50. Bc3 (50. Bxa5 $5 Rxa5 51. Rxa2 Rxc5 52. Ra3 $11) 50... Nb7 51. Rxa2 Nxc5 52. Rxa4 {Av CentiPawn Loss W=-6/B=-7. Weighted=-10/-7} 1/2-1/2

[Event "DEN-ch LH 2020"]
[Site "Svendborg"]
[Date "2020.10.14"]
[Round "6.3"]
[White "Hansen, Sune Berg"]
[Black "Rasmussen, Allan Stig"]
[Result "0-1"]
[WhiteElo "2557"]
[BlackElo "2559"]
[Annotator "TA"]
[PlyCount "80"]
[EventDate "2020.10.09"]
[EventType "tourn"]
[EventCountry "DEN"]
[SourceTitle "playchess.com"]
[Source "ChessBase"]
[SourceQuality "1"]

{[%evp 10,80,32,21,33,19,36,24,30,27,40,47,45,41,47,50,42,49,45,44,52,39,56,44,53,31,34,47,43,33,31,26,40,37,32,0,26,31,40,20,25,20,26,25,69,0,11,16,18,19,25,5,15,0,0,0,0,0,0,0,94,36,16,0,105,103,74,47,45,-76,-67,-1266,-1187]} 1. e4 e5 2. Nf3 Nc6 3. Bc4 Nf6 4. d3 h6 5. O-O d6 6. c3 g5 $1 {[%mdl 4] is currently scoring better than 6...g6. C55: Two Knights: 4 d3, 4 d4 exd4 5 e5 and Max Lange Attack.} 7. Nbd2 Bg7 8. Bb3 O-O {White has an edge.} 9. h3 Ne7 10. Re1 Ng6 11. Nf1 {[#]} Bd7 $146 ({Predecessor:} 11... c6 12. d4 Bd7 13. Ng3 Qc8 14. Bc2 Rd8 15. Nf5 Bxf5 16. exf5 Nf4 17. h4 g4 {1-0 (32) Bakhmatsky,V (2447)-Ceres,D (2270) Prague 2020}) 12. d4 Qc8 13. Ng3 Re8 14. Bc4 b5 15. Bf1 a6 16. b3 Nf4 17. Qc2 c5 {next ...cxd4 is good for Black.} 18. dxe5 dxe5 19. Be3 Qc7 20. a4 Bf8 21. Red1 Bc6 22. Nd2 Rad8 23. axb5 axb5 24. Nf5 g4 25. hxg4 Nxg4 26. g3 Re6 27. Nf3 ({Don't go for} 27. gxf4 $2 exf4 28. Bd4 f3 $19) (27. b4 $14) 27... Rxd1 $1 $11 28. Rxd1 Qb7 29. Nd2 Rg6 30. Re1 h5 31. Nh4 Rg7 32. Nf5 Rg6 33. Nh4 Rg7 34. Qd1 Qc8 (34... Qd7 $11) 35. Nf5 ({White should play} 35. Ndf3 $16) 35... Rg6 $14 36. Nh4 ({Better is} 36. c4 $11) 36... Rg7 $1 $16 37. Ndf3 f6 38. Bc1 c4 {[#] Strongly threatening ...Bc5.} 39. bxc4 (39. Nh2 $1 $14 {keeps the upper hand.}) 39... Bc5 $17 40. Nf5 $2 {[%mdl 8192]} (40. Nd4 $15 b4 41. Nhf5 bxc3 42. Nxg7 (42. Nxc6 Bxf2+ 43. Kh1 Qxc6 $17) 42... Bxd4 43. Be3 Bxe3 44. fxe3 Kxg7 45. gxf4) 40... Nxf2 {[%mdl 64] Double Attack. Av CentiPawn Loss W=-39/B=-12. Weighted=-85/-14} 0-1

[Event "DEN-ch LH 2020"]
[Site "Svendborg"]
[Date "2020.10.14"]
[Round "6.4"]
[White "Ochsner, Bjorn Moller"]
[Black "Fries-Nielsen, Jens Ove"]
[Result "1-0"]
[WhiteElo "2482"]
[BlackElo "2380"]
[Annotator "TA"]
[PlyCount "49"]
[EventDate "2020.10.09"]
[EventType "tourn"]
[EventCountry "DEN"]
[SourceTitle "playchess.com"]
[Source "ChessBase"]
[SourceQuality "1"]

{[%evp 9,49,60,65,65,62,63,62,62,71,66,69,60,64,51,49,35,45,2,16,24,32,20,21,-68,57,74,258,247,352,355,355,338,355,354,346,350,343,351,350,347,351,350]} 1. e4 d6 2. d4 Nf6 3. Nc3 b6 4. Nf3 Bb7 5. Bb5+ c6 6. Bd3 {B07: Pirc Defence: Miscellaneous Systems.} e6 {[#]} 7. O-O $146 ({Predecessor:} 7. e5 Nfd7 8. Bg5 Qc7 9. exd6 Bxd6 10. Qe2 Nf6 11. O-O Nbd7 12. Rfe1 h6 13. Bh4 {½-½ (37) Simic,R (2415)-Minic,D (2430) Bor 1976}) 7... Nbd7 8. e5 {White is slightly better.} dxe5 9. dxe5 Nd5 10. Ne4 Nc5 11. Bg5 Qc7 12. a3 h6 {[#] Strongly threatening ...Nxe4.} 13. Bh4 (13. Nxc5 {is interesting.} Bxc5 14. Bd2 b5 15. b4 Be7 16. Re1) 13... Nxe4 14. Bxe4 g5 15. Bg3 O-O-O 16. Qc1 (16. Qe2 $11) 16... Be7 (16... g4 $15 17. Nd2 h5) 17. c4 $14 g4 $2 {[#] This costs Black the game.} (17... Nf4 $16 18. Bxf4 gxf4) 18. Nd2 $18 Bg5 (18... Ba6 {was necessary.} 19. Rd1 (19. cxd5 cxd5 20. Qxc7+ Kxc7 $18) 19... h5) 19. cxd5 cxd5 20. Bd3 Qxc1 21. Raxc1+ ({Don't do} 21. Rfxc1+ Kb8 $18) 21... Kb8 22. Rcd1 h5 23. f4 Be7 24. Bf2 h4 25. Bd4 {Av CentiPawn Loss W=-9/B=-24. Weighted=-10/-47} 1-0

[Event "DEN-ch LH 2020"]
[Site "Svendborg"]
[Date "2020.10.14"]
[Round "6.5"]
[White "Thybo, Jesper Sondergaard"]
[Black "Haubro, Martin"]
[Result "0-1"]
[WhiteElo "2573"]
[BlackElo "2423"]
[Annotator "TA"]
[PlyCount "110"]
[EventDate "2020.10.09"]
[EventType "tourn"]
[EventCountry "DEN"]
[SourceTitle "playchess.com"]
[Source "ChessBase"]
[SourceQuality "1"]

{[%evp 9,110,35,34,37,56,62,69,66,89,82,96,56,56,45,49,50,47,38,79,67,76,68,72,67,72,71,68,44,52,37,31,24,51,40,36,17,17,15,21,19,30,25,19,16,35,0,0,0,0,0,0,0,0,0,0,0,0,0,0,0,0,0,0,0,0,0,0,0,0,0,0,-56,-35,-91,-75,-128,-128,-128,-128,-128,-128,-128,-128,-271,-264,-277,-272,-806,-805,-806,-756,-754,-708,-783,-781,-586,-523,-1365,-1337,-1083,-881,-703,-543]} 1. Nf3 Nf6 2. g3 d5 3. Bg2 Bg4 4. c4 e6 5. Qb3 Qc8 6. Ne5 {[%cal Rc4d5] A07: Réti Opening: New York and Capablanca Systems.} c6 7. Nxg4 Nxg4 8. d4 {White is slightly better.} Nd7 9. Nc3 {[%cal Rc4d5]} Be7 10. O-O {[%cal Rc4d5]} O-O 11. e4 {[%cal Rc4d5]} dxe4 12. Nxe4 Ngf6 13. Nc3 {[#]} Bd6 $146 ({Predecessor:} 13... Rd8 14. Bf4 Nb6 15. Rfd1 Nfd7 16. Rac1 a5 17. a4 Ra6 18. Ne4 Nf6 19. d5 exd5 20. Nxf6+ Bxf6 21. cxd5 {½-½ (39) Hernandez Leon,S (2130)-Rodriguez Redondo,A (1909) San Cristobal de La Laguna 2018}) 14. Rd1 a6 15. Be3 Rb8 16. Rac1 Re8 17. h3 Qc7 18. c5 Bf8 19. Qa3 Rbd8 20. b4 Nd5 21. Nxd5 exd5 22. Bf4 Qc8 23. Qd3 g6 24. a4 Bg7 25. b5 axb5 26. axb5 Nf8 27. bxc6 bxc6 28. Rb1 Ne6 29. Be3 Qc7 30. h4 Rb8 31. Bh3 f5 32. h5 Rxb1 33. Rxb1 Rb8 34. Rxb8+ Qxb8 35. h6 Bf8 36. Qa6 Qc7 37. Qa8 {[#] Black must now prevent Qe8.} Kf7 38. Kf1 Nd8 39. g4 f4 40. Bd2 (40. Bxf4 $1 $11 Qxf4 {[%mdl 64] Double Attack} 41. Qxd8) 40... Be7 $1 $15 ({Don't go for} 40... Bxh6 $2 41. Ba5 $18) 41. g5 (41. Bg2 $15) 41... Bxg5 $17 42. Ba5 ({Better is} 42. Kg1) 42... Qb7 43. Qxb7+ Nxb7 {[%mdl 4096] Endgame KBB-KBN} 44. Bc7 Ke8 45. Ke2 Bxh6 46. Be5 {This move loses the game for White.} (46. Be6 $17) 46... Nd8 $19 47. Kf3 Nf7 48. Bxf4 $2 {[#]} (48. Bc8) 48... Bxf4 {Black is clearly winning.} 49. Kxf4 {KB-KN} Ke7 50. Ke3 Ng5 51. Bc8 Ne6 52. Bb7 Kd7 53. f4 Ng7 54. Kd3 h5 55. Ba6 h4 {Av CentiPawn Loss W=-27/B=-15. Weighted=-27/-13} 0-1

[Event "DEN-ch LH 2020"]
[Site "Svendborg"]
[Date "2020.10.15"]
[Round "7.1"]
[White "Rasmussen, Allan Stig"]
[Black "Chatalbashev, Boris"]
[Result "0-1"]
[WhiteElo "2559"]
[BlackElo "2522"]
[Annotator "TA"]
[PlyCount "70"]
[EventDate "2020.10.09"]
[EventType "tourn"]
[EventCountry "DEN"]
[SourceTitle "playchess.com"]
[Source "ChessBase"]
[SourceQuality "1"]

{[%evp 17,70,18,38,37,39,32,56,-21,-17,-58,-54,-69,-70,-69,-66,-55,-43,-75,-66,-71,-45,-52,46,-69,-13,-10,46,-57,-5,-36,-25,-62,-60,-137,-133,-222,-207,-206,-208,-216,-216,-531,-602,-686,-660,-853,-856,-785,-768,-29943,-6836,-29986,-29987,-29986,-1647]} 1. e4 d6 2. d4 Nf6 3. Nc3 g6 4. Be3 c6 5. f3 b5 6. g4 Bg7 7. Qd2 h5 8. g5 Nfd7 9. f4 Nb6 10. b3 {B07: Pirc Defence: Miscellaneous Systems.} O-O 11. Nf3 d5 {[#]} 12. Bd3 $146 (12. e5 $14) ({Predecessor:} 12. e5 Bg4 13. Bg2 e6 14. O-O N8d7 15. Nh4 Qe7 16. h3 Bf5 17. Nxf5 exf5 18. Qf2 {0-1 (52) Sebestyen,B (2273)-Bokros,A (2445) Hungary 2007}) 12... b4 $11 13. Ne2 c5 $1 {[%cal Rc5c4]} 14. e5 c4 $1 {[%cal Rc4d3]} 15. bxc4 dxc4 16. Be4 Nd5 17. Ng3 e6 18. a3 c3 19. Qf2 {[#]} Ba6 (19... b3 $1 $15 {[%mdl 512]} 20. cxb3 Nc6) 20. Nh4 {[#]} (20. axb4 $14 Bc4 21. b5) 20... Nc6 (20... b3 $1 $15 {[%mdl 512]} 21. cxb3 Nc6) 21. axb4 Bc4 ({Black should try} 21... Bb5 $11) 22. Bc1 (22. f5 $1 $14) 22... Nce7 ({Stronger than} 22... Ncxb4 23. f5 $1 $16 {[%mdl 512]}) ({Black should play} 22... Ndxb4 $15 23. Ba3 Rb8 24. Bxb4 Nxb4) 23. Ba3 Rb8 {[#]} 24. b5 $1 {[%mdl 512]} Rxb5 25. Qf3 (25. Ne2 $15) 25... Qb6 $17 {White must now prevent ...Ra5.} 26. Bc5 (26. Bxe7 $17 {was called for.} Qxd4 27. Qf2 Qxf2+ 28. Kxf2 Nxe7 29. Ne2) 26... Rxc5 $19 27. dxc5 Qxc5 $40 {[%mdl 128] Black wants a kill.} 28. Qf2 {[#]} Qb4 $1 29. Qxa7 $2 (29. Qf3 {is more resistant.}) 29... Nc6 ({Weaker is} 29... Nxf4 30. Ra4 $17) 30. Qf2 Rb8 {( -> ...Qb1+!)} 31. Qf3 Nd4 32. Qd1 Qc5 33. Nf3 {[#]} Nxc2+ $1 {[%mdl 512]} 34. Qxc2 Qe3+ {[%mdl 64] Double Attack} 35. Kd1 {[#]} Bb3 $1 {[%mdl 512] Av CentiPawn Loss W=-121/B=-90. Weighted=-94/-66} 0-1